| 000 | 00948nam a22002297a 4500 | ||
|---|---|---|---|
| 005 | 20180608120506.0 | ||
| 010 | _a1718EN-30 B-689552-563 | ||
| 020 |
_a9789382823278 _c650.00 |
||
| 020 |
_a9789382823889 _c750.00 |
||
| 035 | _aB-689552-563 | ||
| 037 |
_bSatyam Law International _adpl |
||
| 082 | _a343.087 | ||
| 100 | _aKoul, Autar Krishen | ||
| 245 |
_aGuide to the WTO and GATT : _cby Autar Krishen Koul _beconomics, law and politics / |
||
| 250 | _a6th ed | ||
| 260 |
_aNew Delhi _bSatyam Law International _c2018 |
||
| 270 |
_a2/13, Ansari Road, Daryaganj, _bNew Delhi _e110002 |
||
| 300 |
_axxvi,678p. _c23cm(pbk) |
||
| 500 | _aIncludes bibliographical references and index | ||
| 942 |
_2ddc _cEN _mKOU _h343.087 |
||
| 999 |
_c146243 _d146243 |
||